Statistiques concernant Culture Générale - Série 1158

Cliquez ici pour prendre le quiz!

Statistiques générales

  • Ce quiz a été pris 65 fois
  • Le résultat moyen est 5 sur 10

Statistiques - réponses

Question Réponse % Correct
L'extrême tension qui opposa les États-Unis, l'U.R.S.S. et leurs alliés entre 1945 et 1991 fut appelée la guerre...froide
100%
Quel oiseau est considéré comme un symbole de paix ?colombe
100%
Lorsqu'un véhicule fait un demi-tour complet à la suite d'un dérapage, il fait un "tête-à-...queue
98%
Dans quel département français se trouvent les villes de Guingamp et Dinan ?Côtes-d'Armor
56%
Quel artiste français a écrit la chanson "Les P'tits Papiers" pour Régine ?Serge Gainsbourg
46%
A quelle doctrine affirmant l'inexistence de Dieu, Michel Onfray a-t-il consacré un "Traité", en 2005 ?L'athéisme
44%
Quel acteur tient le rôle de James Bond dans “Tuer n'est pas jouer” ?Timothy Dalton
39%
Dans quel département se trouve la commune de Domrémy-la-Pucelle ?Vosges
33%
En 2007, qui est la candidate des Verts à l'élection présidentielle ?Dominique Voynet
21%
Quel boxeur américain, prénommé Tony, Marcel Cerdan a-t-il battu en 1948 pour devenir champion du monde des poids moyens ?Tony Zale
2%

Distribution des résultats

Percentile par nombre de réponses

% des personnes avec chaque résultat

Votre développement - résultats

Vous n’avez pas pris ce quiz